Statistics for World Capitals without any Hints

Click here to take the quiz!

General Stats

  • This quiz has been taken 23 times
  • The average score is 171 of 196

Answer Stats

Answer% Correct
Amsterdam
100%
Andorra la Vella
100%
Ankara
100%
Asunción
100%
Berlin
100%
Brasília
100%
Bratislava
100%
Buenos Aires
100%
Canberra
100%
Dublin
100%
Guatemala City
100%
Hanoi
100%
Helsinki
100%
Lisbon
100%
London
100%
Luxembourg
100%
Madrid
100%
Mexico City
100%
Moscow
100%
Paris
100%
Port-au-Prince
100%
Pretoria / Cape Town / Bloemfontein
100%
Pyongyang
100%
Rome
100%
Seoul
100%
Sofia
100%
Stockholm
100%
Tallinn
100%
Warsaw
100%
Washington D.C.
100%
Wellington
100%
Abu Dhabi
95%
Algiers
95%
Amman
95%
Athens
95%
Baghdad
95%
Belgrade
95%
Bern
95%
Brussels
95%
Budapest
95%
Cairo
95%
Caracas
95%
Copenhagen
95%
Damascus
95%
Havana
95%
Islamabad
95%
Jakarta
95%
Jerusalem
95%
Kingston
95%
Kingstown
95%
Kuala Lumpur
95%
La Paz / Sucre
95%
Lima
95%
Malé
95%
Managua
95%
Manila
95%
Montevideo
95%
Nassau
95%
New Delhi
95%
Oslo
95%
Ottawa
95%
Panama City
95%
Prague
95%
Quito
95%
Rabat
95%
Reykjavík
95%
Riga
95%
Riyadh
95%
San José
95%
San Salvador
95%
Santiago
95%
Santo Domingo
95%
Sarajevo
95%
Taipei
95%
Tehran
95%
Tokyo
95%
Vatican City
95%
Vienna
95%
Vilnius
95%
Zagreb
95%
Astana
89%
Bangkok
89%
Beijing
89%
Beirut
89%
Belmopan
89%
Bogotá
89%
Bucharest
89%
Dhaka
89%
Djibouti
89%
Kinshasa
89%
Kuwait City
89%
Kyiv
89%
Luanda
89%
Manama
89%
Minsk
89%
Monaco
89%
Nairobi
89%
San Marino
89%
Singapore
89%
Tripoli
89%
Tunis
89%
Ulaanbaatar
89%
Vaduz
89%
Addis Ababa
84%
Antananarivo
84%
Apia
84%
Baku
84%
Bissau
84%
Castries
84%
Chișinău
84%
Dakar
84%
Dili
84%
Doha
84%
Georgetown
84%
Harare
84%
Juba
84%
Kabul
84%
Kampala
84%
Kathmandu
84%
Lomé
84%
Malabo
84%
Monrovia
84%
Muscat
84%
Nouakchott
84%
Paramaribo
84%
Phnom Penh
84%
Podgorica
84%
Port Louis
84%
Port Moresby
84%
Port-of-Spain
84%
Porto-Novo / Cotonou
84%
Pristina
84%
Sana'a
84%
Sri Jayawardenepura Kotte
84%
Tbilisi
84%
Tegucigalpa
84%
Tirana
84%
Valletta
84%
Abuja
79%
Accra
79%
Banjul
79%
Basseterre
79%
Brazzaville
79%
Funafuti
79%
Khartoum
79%
Kigali
79%
Libreville
79%
Ljubljana
79%
Lusaka
79%
Maputo
79%
Mbabane
79%
Ngerulmud
79%
Niamey
79%
Saint John's
79%
São Tomé
79%
Skopje
79%
South Tarawa
79%
Suva
79%
Victoria
79%
Vientiane
79%
Windhoek
79%
Yamoussoukro
79%
Yaren
79%
Yerevan
79%
Asmara
74%
Bamako
74%
Bandar Seri Begawan
74%
Bishkek
74%
Bridgetown
74%
Conakry
74%
Dodoma
74%
Gaborone
74%
Gitega
74%
Majuro
74%
Maseru
74%
Moroni
74%
N'Djamena
74%
Nukuʻalofa
74%
Palikir
74%
Port Vila
74%
Praia
74%
Roseau
74%
Saint George's
74%
Tashkent
74%
Thimphu
74%
Yaoundé
74%
Ashgabat
68%
Bangui
68%
Dushanbe
68%
Freetown
68%
Honiara
68%
Lilongwe
68%
Naypyidaw
68%
Nicosia
68%
Ouagadougou
68%
Mogadishu
58%

Score Distribution

Percentile by Number Answered

Percent of People with Each Score

Your Score History

You have not taken this quiz